| 000 | 00468 a2200145 4500 | ||
|---|---|---|---|
| 020 | _a8120323432 | ||
| 040 |
_aDLC _bDLC |
||
| 082 | _a005.756 | ||
| 245 |
_a An Introduction To Building The Data Warehouse _c IBM |
||
| 260 |
_a New Delhi: _bPrence-Hall of India Pvt. Ltd., _c2003. |
||
| 300 |
_axvi, 272 p. : _bill. ; _c24 cm. |
||
| 500 | _aIncludes bibliographical references and index | ||
| 650 | _a1.Database management.2.Data warehouse. | ||
| 942 |
_cBK _k005.756 IBM _2ddc |
||
| 999 |
_c6620 _d6620 |
||